Visualizzazione normale
Vista MARC
- España
di Geographic Name
Records bibliografici associati: 1
001 - CONTROL NUMBER
- control field: 26720
003 - CONTROL NUMBER IDENTIFIER
- control field: IT-RoINE
005 - DATE AND TIME OF LATEST TRANSACTION
- control field: 20161011085349.0
008 - FIXED-LENGTH DATA ELEMENTS
- fixed length control field: 161011|| aca||aabn | a|a d
040 ## - CATALOGING SOURCE
- Original cataloging agency: IT-RoINE
- Transcribing agency: IT-RoINE
151 ## - HEADING--GEOGRAPHIC NAME
- Geographic name: España
- General subdivision: Condiciones sociales
- Chronological subdivision: Siglo 15o.
670 ## - SOURCE DATA FOUND
- Source citation: Work cat.: (IT-RoINE)0: Maravall, José Antonio, 1911-1986 9712, El mundo social de "La Celestina" /, [1981]